00587nam a2200193 a 450000100060000000300080000600500170001400800410003103500190007204000370009104100080012808200240013610000590016024500570021926000490027630000210032565000350034665000120038117201BD-RjUL20211209000114.0140216s1954 enk 000 0 eng  a(BD-RjUL)17258 aDLCcWSUdSERdm.cdBD-RjULbeng aeng04222a809.3bMAT 19541 aMaugham, W. Somerset,q(William Somerset),d1874-1965.10aTen novels and their authors /cW. Somerset Maugham. aLondon :bHeinemann,c1954 [published 1963 ] a306 p. ;c22 cm. 0aFictionxHistory and criticism 0aAuthors